Bosoko loreak / (Record no. 58807)

MARC details
000 -LEADER
campo de control de longitud fija 00650nam a2200205 i 4500
001 - NÚMERO DE CONTROL
campo de control 58807
003 - IDENTIFICADOR DE NÚMERO DE CONTROL
campo de control ES-MaACL
005 - FECHA Y HORA DE LA ÚLTIMA TRANSACCIÓN
campo de control 20230906163907.0
007 - CAMPO FIJO DE DESCRIPCIÓN FÍSICA--INFORMACIÓN GENERAL
campo de control de longitud fija t|
008 - DATOS DE LONGITUD FIJA--INFORMACIÓN GENERAL
campo de control de longitud fija 031024s1967 sp ||||1| baq d
080 ## - NÚMERO DE LA CLASIFICACIÓN DECIMAL UNIVERSAL
Número de la Clasificación Decimal Universal 891.69-1"19"
100 1# - ENTRADA PRINCIPAL--NOMBRE DE PERSONA
Nombre de persona Etxebarria, Jon Gotzon (
Fechas asociadas al nombre 1934-1996)
9 (RLIN) 48305
245 10 - MENCIÓN DEL TÍTULO
Título Bosoko loreak /
Mención de responsabilidad, etc. Etxebarriatar Juan Anjel.
260 ## - PUBLICACIÓN, DISTRIBUCIÓN, ETC.
Lugar de publicación, distribución, etc. [Bilbao] :
Nombre del editor, distribuidor, etc. S. Antonigo Katekesia. Euskalargitalpenak,
Fecha de publicación, distribución, etc. [1967] (
Lugar de fabricación/manufactura Bilbao :
Fabricante Imp. Omega)
300 ## - DESCRIPCIÓN FÍSICA
Extensión 54 p. ;
Dimensiones 17 cm.
490 1# - MENCIÓN DE SERIE
Mención de serie Agertutako Idaztiak ;
Designación de volumen o secuencia 22
830 0# - PUNTO DE ACCESO ADICIONAL DE SERIE-TÍTULO UNIFORME
Título uniforme Agertutako Idaztiak ;
Designación de volumen o secuencia 22
9 (RLIN) 182656
852 ## - LOCALIZACIÓN
Ubicación ES-MaACL
Número de control de estantería 2059-F-4
Sublocalización o colección R.63182
Holdings
Estatus retirado Estado de pérdida Estado de daño No para préstamo Colección Biblioteca de origen Biblioteca actual Ubicación en estantería Fecha de adquisición Fuente de adquisición Total de préstamos Signatura topográfica completa Código de barras Visto por última vez Precio de reemplazo Tipo de ítem Koha
        Colección de folletos Biblioteca del Ateneo de Madrid Biblioteca del Ateneo de Madrid Depósito folletos 17/01/2008     2059-F-4 1061693 23/02/2023 23/02/2023 Folleto